000 00811nam a2200265 a 4500
001 BRCA_4169
005 20190320204553.0
008 210410m18181867gw-a######---#000-0#fre-#
041 _afre
044 _agw
050 4 _aNE90
_b.B37 1818
100 1 _aBartsch, Adam von
_d1757-1821
_910771
245 1 0 _aLe Peintre Graveur
_cpar Adam Bartsch.
260 _aLeipzig, Alemania
_bJ. A. Barth
_c1818-1867
300 _a21 v.
_bil.
_c19 cm.
500 _aConforme a ledition originale de Vienne
500 _aDiccionario inventariado por Banco de México como libro
500 _aEstado físico: encuadernación de algunos volúmenes deteriorada
500 _aVer también CG8
500 _aA46
650 1 4 _aGrabadores
_97352
650 1 4 _aGrabados
_vCatálogos
_910348
902 _aGFM
942 _2lcc
_cB
999 _c3885
_d3885